LEADER 01225nam2 2200313 450 001 000040411 005 20150216104047.0 100 $a20150216d1978----km-y0itaa50------ba 101 2 $agrc$afre 102 $aFR 200 1 $aDion-Brutus$fPlutarque$gtexte établi et traduit par Robert Flacelière et Émile Chambry 210 $aParis$c<> belles lettres$d1978 215 $a179 p.$d20 cm 225 2 $aCollection des universités de France 300 $aTraduzione francese con testo greco a fronte 410 0$12001$aCollection des universités de France 461 1$1001000040395$12001$aVies$vvol. 14 500 11$aVitae parallelae / Plutarchus$914695 676 $a920.03$v(22. ed.)$9Raccolte generali di biografie del mondo antico 700 0$aPlutarchus$f$0158213 702 1$aFlacelière,$bRobert 702 1$aChambry,$bÉmile 801 0$aIT$bUniversità della Basilicata - B.I.A.$gREICAT$2unimarc 912 $a000040411 996 $aVitae Parallelae$914695 997 $aUNIBAS CAT $aEXT013$b01$c20150216$lBAS01$h1040 FMT Z30 -1$lBAS01$LBAS01$mBOOK$1BASA1$APolo Storico-Umanistico$2GEN$BCollezione generale$3Class/594$615496$5L15496$820150216$f02$FPrestabile Generale LEADER 02845nam 22006374a 450 001 9910450874103321 005 20200520144314.0 010 $a1-281-12356-0 010 $a9786611123567 010 $a1-59385-618-0 035 $a(CKB)1000000000339680 035 $a(EBL)306728 035 $a(OCoLC)214282953 035 $a(SSID)ssj0000096303 035 $a(PQKBManifestationID)11120139 035 $a(PQKBTitleCode)TC0000096303 035 $a(PQKBWorkID)10082529 035 $a(PQKB)10982882 035 $a(MiAaPQ)EBC306728 035 $a(Au-PeEL)EBL306728 035 $a(CaPaEBR)ebr10176566 035 $a(CaONFJC)MIL112356 035 $a(EXLCZ)991000000000339680 100 $a20060523d2007 uy 0 101 0 $aeng 135 $aur|n|---||||| 181 $ctxt 182 $cc 183 $acr 200 14$aThe abusive personality$b[electronic resource] $eviolence and control in intimate relationships /$fDonald G. Dutton 205 $a2nd ed. 210 $aNew York $cGuilford Press$dc2007 215 $a1 online resource (272 p.) 300 $aDescription based upon print version of record. 311 $a1-59385-371-8 320 $aIncludes bibliographical references and index. 327 $aEarly explanations -- Learning of abusiveness -- The psychology of the cycle of violence -- The structure of the abusive personality: the data -- The primitive origins of rage -- An anger born of fear: attachment rage -- The sociopsychoneurobiology of attachment -- The early antecedents studies -- Longitudinal development and female abusive personalities -- The treatment of assaultiveness. 330 $aThis influential book provides an innovative framework for understanding and treating intimate partner violence. Integrating a variety of theoretical and empirical perspectives, Donald G. Dutton demonstrates that male abusiveness is more than just a learned pattern of behavior--it is the outgrowth of a particular personality configuration. He illuminates the development of the abusive personality from early childhood to adulthood and presents an evidence-based treatment approach designed to meet this population's unique needs. The second edition features two new c 606 $aAbusive men$xPsychology 606 $aObject relations (Psychoanalysis) 606 $aAttachment behavior 606 $aIntimacy (Psychology) 608 $aElectronic books. 615 0$aAbusive men$xPsychology. 615 0$aObject relations (Psychoanalysis) 615 0$aAttachment behavior. 615 0$aIntimacy (Psychology) 676 $a616.85/82 700 $aDutton$b Donald G.$f1943-$0859983 801 0$bMiAaPQ 801 1$bMiAaPQ 801 2$bMiAaPQ 906 $aBOOK 912 $a9910450874103321 996 $aThe abusive personality$92175915 997 $aUNINA